000 00394nam a2200121 a 4500
001 000031002
005 20200930062637.0
008 110609s2008 dr a r 000 0 spa d
040 _aDO-SdBNP
_bspa
_bBNPHU
245 0 0 _aProcedimiento simplificado de tributació :
_b(PST) reglamento 758-08.
260 _aSanto Domingo :
_bDirección General de Impuesto Interno,
_c2008.
300 _a16 p. ;
_c28 cm.
999 _c30494
_d30494